[Event "Schachbundesliga 2013/2014"]
[Site "?"]
[Date "2014.03.16"]
[Round "12.5"]
[White "Siebrecht, Sebastian"]
[Black "Gordon, Stephen J"]
[Result "1-0"]
[WhiteElo "2496"]
[BlackElo "2526"]
[PlyCount "115"]
[EventDate "2014.??.??"]
[WhiteClock "0:06:58"]
[BlackClock "0:27:00"]

1. c4 c5 2. Nc3 g6 3. Nf3 Bg7 4. d4 cxd4 5. Nxd4 Nc6 6. Nc2 Bxc3+ 7. bxc3 d6 8.
Nb4 Ne5 9. Qd4 Nf6 10. c5 Be6 11. e4 O-O 12. Bh6 Re8 13. Bb5 Bd7 14. Be2 Nc6
15. Nxc6 Bxc6 16. f3 dxc5 17. Qxc5 Nd7 18. Qd4 e5 19. Qe3 Qh4+ 20. g3 Qh3 21.
Bf1 Qe6 22. h4 f6 23. Qe2 Nb6 24. Be3 Bd7 25. h5 g5 26. Rd1 Qc6 27. c4 Be6 28.
c5 Nc4 29. Bh3 Rad8 30. Bxe6+ Qxe6 31. Bf2 Rxd1+ 32. Qxd1 Na5 33. Qe2 Qc4 34.
Qxc4+ Nxc4 35. Ke2 Rd8 36. Rb1 Rd2+ 37. Ke1 Rd7 38. c6 bxc6 39. Rc1 Nd6 40.
Rxc6 g4 41. Bc5 Nb7 42. Bxa7 Nd8 43. Ra6 gxf3 44. Be3 Kf7 45. Kf2 Ne6 46. Kxf3
Nd4+ 47. Kg4 Rd8 48. Ra7+ Ke6 49. Ra6+ Ke7 50. Rxf6 Ra8 51. Rh6 Rxa2 52. Bg5+
Kf8 53. Rxh7 Re2 54. Bf6 Rxe4+ 55. Kg5 Nf3+ 56. Kf5 Ra4 57. h6 e4 58. Kg6 1-0

[Event "Schachbundesliga 2013/2014"]
[Site "?"]
[Date "2014.03.16"]
[Round "12.6"]
[White "Jaracz, Pawel"]
[Black "Zaragatski, Ilja"]
[Result "1-0"]
[WhiteElo "2502"]
[BlackElo "2510"]
[PlyCount "115"]
[EventDate "2014.??.??"]
[WhiteClock "0:04:50"]
[BlackClock "0:01:13"]

1. e4 d6 2. Nf3 Nf6 3. Nc3 e5 4. d4 Nbd7 5. Bc4 Be7 6. O-O Nb6 7. Be2 exd4 8.
Nxd4 O-O 9. Bf3 c6 10. Re1 Re8 11. Nde2 Nc4 12. Nf4 b5 13. Nd3 Ne5 14. Be2 a5
15. a3 Rb8 16. Bf1 Nfd7 17. Nf4 Nc5 18. Bd2 Nc4 19. Bxc4 bxc4 20. Rb1 Bf6 21.
f3 Be5 22. Be3 Qh4 23. Qd2 f5 24. exf5 Bxf5 25. Nce2 Rxb2 26. Rxb2 Bxb2 27. Ng3
Bd7 28. Qxd6 Qe7 29. Qd2 Bxa3 30. Bf2 Qf8 31. Rxe8 Bxe8 32. Qxa5 Nb7 33. Qa8
Bd6 34. Ne6 Qf7 35. Ng5 Qd7 36. Qa4 h6 37. Qxc4+ Kh8 38. N5e4 Be5 39. Qe2 Bg6
40. Nf1 Qd5 41. Ne3 Qa2 42. Nc4 Qa6 43. Qf1 Bb8 44. g3 Qb5 45. Qd3 Qd5 46. Kg2
Bc7 47. Ne3 Qe6 48. Qc4 Qd7 49. Be1 Bb6 50. Ng4 Qd5 51. Qb4 Nc5 52. Ne3 Qe5 53.
Bc3 Qe6 54. Qxb6 Nxe4 55. fxe4 Bxe4+ 56. Kg1 Qf7 57. Qd4 c5 58. Qxe4 1-0

[Event "Schachbundesliga 2013/2014"]
[Site "?"]
[Date "2014.03.16"]
[Round "12.7"]
[White "Ris, Robert"]
[Black "Gonda, Laszlo"]
[Result "1/2-1/2"]
[WhiteElo "2416"]
[BlackElo "2535"]
[PlyCount "123"]
[EventDate "2014.??.??"]
[WhiteClock "0:07:53"]
[BlackClock "0:20:00"]

1. d4 e6 2. c4 b6 3. a3 Bb7 4. Nc3 f5 5. d5 Nf6 6. g3 Na6 7. Bg2 Nc5 8. Nh3 Bd6
9. O-O O-O 10. Qc2 a5 11. Rd1 Qe7 12. Rb1 exd5 13. cxd5 Nce4 14. Bf4 Bxf4 15.
Nxe4 fxe4 16. Nxf4 Qe5 17. Rbc1 Rac8 18. d6 cxd6 19. Qb3+ d5 20. Rxc8 Rxc8 21.
Qxb6 Qc7 22. Qd4 Qc4 23. Qb6 Qc2 24. Rf1 Qc7 25. Qd4 Qc5 26. Qd2 a4 27. e3 Qc2
28. Qd4 Qb3 29. Bh3 Qc4 30. Qe5 Qc7 31. Qd4 Qc4 32. Qe5 Qc7 33. Qg5 h6 34. Qf5
Rf8 35. Qg6 Qe5 36. Rd1 Qxb2 37. Bf5 Qe5 38. g4 Qe8 39. h4 Qxg6 40. Nxg6 Rd8
41. Rd4 Ra8 42. Kg2 Bc6 43. g5 hxg5 44. hxg5 Ne8 45. Ne7+ Kf8 46. Nxd5 Nd6 47.
Bxd7 Bxd7 48. Nb6 Ra5 49. Rxd6 Rxg5+ 50. Kh2 Bg4 51. Rd5 Rg6 52. Nxa4 Bf3 53.
Nc5 Rg2+ 54. Kh3 Rxf2 55. Kg3 Ra2 56. a4 Kf7 57. Kf4 Ra3 58. Kf5 Rxe3 59. Rd7+
Ke8 60. Rxg7 Be2 61. a5 Ra3 62. Nxe4 1/2-1/2

[Event "Schachbundesliga 2013/2014"]
[Site "?"]
[Date "2014.03.16"]
[Round "12.8"]
[White "Seger, Ruediger"]
[Black "Scholz, Christian"]
[Result "1/2-1/2"]
[WhiteElo "2374"]
[BlackElo "2379"]
[PlyCount "41"]
[EventDate "2014.??.??"]
[WhiteClock "0:50:00"]
[BlackClock "0:21:00"]

1. e4 c5 2. c3 Nf6 3. e5 Nd5 4. d4 cxd4 5. Nf3 e6 6. cxd4 d6 7. Bc4 Nb6 8. Bd3
Bd7 9. O-O Bc6 10. Nc3 N8d7 11. Re1 dxe5 12. Nxe5 Nxe5 13. dxe5 Bb4 14. Qc2 Rc8
15. Bd2 Na4 16. Nxa4 Bxd2 17. Qxd2 Bxa4 18. Qb4 Bc6 19. Be4 Qb6 20. Bxc6+ Rxc6
21. Qxb6 1/2-1/2

[Event "Schachbundesliga 2013/2014"]
[Site "?"]
[Date "2014.03.16"]
[Round "12.2"]
[White "Fressinet, Laurent"]
[Black "Bacrot, Etienne"]
[Result "1/2-1/2"]
[WhiteElo "2710"]
[BlackElo "2730"]
[PlyCount "46"]
[EventDate "2014.??.??"]
[WhiteClock "1:22:30"]
[BlackClock "0:52:29"]

1. d4 Nf6 2. Nf3 d5 3. c4 e6 4. Nc3 Be7 5. Bf4 O-O 6. e3 Nbd7 7. a3 c5 8. cxd5
Nxd5 9. Nxd5 exd5 10. dxc5 Nxc5 11. Be2 Bf6 12. Be5 Bxe5 13. Nxe5 Re8 14. Nf3
Qb6 15. Rc1 Ne6 16. Qd2 Rd8 17. Nd4 Nxd4 18. Qxd4 Qxd4 19. exd4 Be6 20. Bd3
Rac8 21. Rxc8 Rxc8 22. Kd2 Kf8 23. Rc1 Rxc1 1/2-1/2

[Event "Schachbundesliga 2013/2014"]
[Site "?"]
[Date "2014.03.16"]
[Round "12.3"]
[White "Naiditsch, Arkadij"]
[Black "Areshchenko, Alexander"]
[Result "1-0"]
[WhiteElo "2724"]
[BlackElo "2714"]
[PlyCount "95"]
[EventDate "2014.??.??"]
[WhiteClock "0:49:53"]
[BlackClock "0:42:32"]

1. e4 c5 2. Nf3 d6 3. d4 cxd4 4. Nxd4 Nf6 5. Nc3 a6 6. g3 e5 7. Nb3 Be7 8. Bg2
O-O 9. O-O Bg4 10. Qd3 Qc7 11. Be3 Nbd7 12. h3 Be6 13. Rfc1 Rac8 14. Nd2 Nb6
15. a4 Nc4 16. Nxc4 Qxc4 17. Qd2 Rfd8 18. Nd5 Bxd5 19. exd5 Nd7 20. g4 h6 21.
Ra3 Re8 22. a5 Qc7 23. c4 Qd8 24. b4 Bg5 25. Be4 Nf6 26. f3 Bxe3+ 27. Qxe3 Rc7
28. Rac3 Qd7 29. Kg2 Rd8 30. Qb6 Qe7 31. Kg3 g6 32. h4 Kg7 33. Qe3 Qe8 34. R3c2
Nxe4+ 35. fxe4 f5 36. gxf5 gxf5 37. exf5 Qh5 38. Qf3 Qxf3+ 39. Kxf3 Kf6 40. Rg2
Rdc8 41. c5 dxc5 42. Ke4 cxb4 43. Rg6+ Kf7 44. Rxc7+ Rxc7 45. Rb6 Rc4+ 46. Kxe5
Rxh4 47. Rxb7+ Ke8 48. d6 1-0

[Event "Schachbundesliga 2013/2014"]
[Site "?"]
[Date "2014.03.16"]
[Round "12.4"]
[White "Hracek, Zbynek"]
[Black "Vallejo Pons, Francisco"]
[Result "1/2-1/2"]
[WhiteElo "2636"]
[BlackElo "2705"]
[PlyCount "64"]
[EventDate "2014.??.??"]
[WhiteClock "0:08:05"]
[BlackClock "0:02:03"]

1. e4 c5 2. Nf3 Nc6 3. d4 cxd4 4. Nxd4 Qb6 5. Nb3 Nf6 6. Nc3 e6 7. Qe2 Qc7 8.
g4 d6 9. Be3 a6 10. g5 Nd7 11. O-O-O Be7 12. f4 b5 13. h4 Nb6 14. Qf2 Na4 15.
Qd2 Bb7 16. Kb1 Nd8 17. Bd3 Nxc3+ 18. Qxc3 Qxc3 19. bxc3 Rc8 20. Rhf1 e5 21. f5
Rxc3 22. Kb2 Rc8 23. Na5 Ba8 24. c4 Nc6 25. Nxc6 Bxc6 26. cxb5 Bxb5 27. Bxb5+
axb5 28. Rd5 Rc4 29. Rxb5 Rxe4 30. Bd2 O-O 31. f6 Bd8 32. Bb4 Rd4 1/2-1/2

[Event "Schachbundesliga 2013/2014"]
[Site "?"]
[Date "2014.03.16"]
[Round "12.5"]
[White "Movsesian, Sergei"]
[Black "Nyback, Tomi"]
[Result "1/2-1/2"]
[WhiteElo "2696"]
[BlackElo "2599"]
[PlyCount "45"]
[EventDate "2014.??.??"]
[WhiteClock "0:40:25"]
[BlackClock "0:59:34"]

1. Nf3 Nf6 2. g3 d5 3. Bg2 c6 4. O-O Bg4 5. c4 e6 6. cxd5 Bxf3 7. Bxf3 cxd5 8.
Nc3 Nc6 9. d4 Be7 10. e3 O-O 11. Qe2 Rc8 12. Bd2 a6 13. Rac1 b5 14. a4 b4 15.
Na2 Qb6 16. b3 Ne4 17. Rfd1 Nxd2 18. Rxd2 Bd6 19. Rdc2 Ne7 20. Qd3 Rxc2 21.
Rxc2 Rc8 22. Rxc8+ Nxc8 23. Be2 1/2-1/2

[Event "Schachbundesliga 2013/2014"]
[Site "?"]
[Date "2014.03.16"]
[Round "12.6"]
[White "Babula, Vlastimil"]
[Black "Shirov, Alexei"]
[Result "1/2-1/2"]
[WhiteElo "2569"]
[BlackElo "2685"]
[PlyCount "41"]
[EventDate "2014.??.??"]
[WhiteClock "0:31:55"]
[BlackClock "0:45:49"]

1. d4 d5 2. c4 c6 3. Nf3 Nf6 4. Nc3 e6 5. e3 Nbd7 6. Qc2 Bd6 7. b3 O-O 8. Be2
b6 9. O-O Bb7 10. Bb2 Qe7 11. Rad1 Rac8 12. e4 Nxe4 13. Nxe4 dxe4 14. Qxe4 Nf6
15. Qc2 c5 16. d5 exd5 17. cxd5 Ne4 18. Bc4 a6 19. a4 f5 20. Rfe1 Rce8 21. g3
1/2-1/2

[Event "Schachbundesliga 2013/2014"]
[Site "?"]
[Date "2014.03.16"]
[Round "12.7"]
[White "Nisipeanu, Liviu-Dieter"]
[Black "Bluebaum, Matthias"]
[Result "1/2-1/2"]
[WhiteElo "2674"]
[BlackElo "2510"]
[PlyCount "57"]
[EventDate "2014.??.??"]
[WhiteClock "0:11:17"]
[BlackClock "0:11:15"]

1. e4 e6 2. d4 d5 3. Nd2 c5 4. Ngf3 cxd4 5. exd5 Qxd5 6. Bc4 Qd8 7. O-O Nc6 8.
Qe2 a6 9. Rd1 b5 10. Bb3 Nf6 11. a4 d3 12. cxd3 b4 13. a5 Be7 14. Nc4 O-O 15.
Be3 Nd5 16. Nb6 Nxe3 17. Qxe3 Rb8 18. Nxc8 Rxc8 19. Qb6 Nb8 20. d4 Rc6 21. Qb7
Qc7 22. Qxc7 Rxc7 23. d5 exd5 24. Rxd5 Rd8 25. Rxd8+ Bxd8 26. Ne5 Bf6 27. Nxf7
Kf8 28. Nd6 Bxb2 29. Re1 1/2-1/2

[Event "Schachbundesliga 2013/2014"]
[Site "?"]
[Date "2014.03.16"]
[Round "12.8"]
[White "Fish, Gennadij"]
[Black "Gustafsson, Jan"]
[Result "1/2-1/2"]
[WhiteElo "2464"]
[BlackElo "2628"]
[PlyCount "58"]
[EventDate "2014.??.??"]
[WhiteClock "0:24:44"]
[BlackClock "0:23:45"]

1. d4 Nf6 2. c4 g6 3. Nc3 d5 4. e3 Bg7 5. Nf3 O-O 6. Bd2 c6 7. Bd3 Bg4 8. h3
Bxf3 9. Qxf3 dxc4 10. Bxc4 Nbd7 11. O-O e5 12. Rad1 exd4 13. exd4 Nb6 14. Bb3
a5 15. a3 a4 16. Ba2 Nbd5 17. Bg5 Qb6 18. Bxf6 Nxf6 19. Rd2 Qa5 20. Rfd1 Rad8
21. d5 cxd5 22. Nxd5 Nxd5 23. Rxd5 Rxd5 24. Bxd5 Bxb2 25. Bxb7 Rd8 26. Rxd8+
Qxd8 27. Bc6 Qf6 28. Qxf6 Bxf6 29. Bxa4 Be7 1/2-1/2

[Event "Schachbundesliga 2013/2014"]
[Site "?"]
[Date "2014.03.16"]
[Round "12.1"]
[White "Karpov, Anatoly"]
[Black "Kravtsiv, Martyn"]
[Result "1/2-1/2"]
[WhiteElo "2619"]
[BlackElo "2609"]
[PlyCount "132"]
[EventDate "2014.??.??"]
[WhiteClock "0:09:58"]
[BlackClock "0:05:31"]

1. d4 Nf6 2. c4 e6 3. Nf3 d5 4. Nc3 Bb4 5. cxd5 exd5 6. Qa4+ Nc6 7. Bg5 h6 8.
Bxf6 Qxf6 9. e3 O-O 10. Be2 Be6 11. a3 Bd6 12. Nb5 Bg4 13. O-O Ne7 14. Nxd6
Qxd6 15. b4 f5 16. Qb3 Kh8 17. g3 Ng6 18. Bd1 Bh3 19. Re1 Rae8 20. Qc3 c6 21.
Kh1 Bg4 22. Ng1 Ne7 23. Kg2 Nc8 24. Nf3 Bxf3+ 25. Bxf3 Qd7 26. a4 Nd6 27. b5
cxb5 28. axb5 Nxb5 29. Qc5 a6 30. Qxd5 Qxd5 31. Bxd5 Re7 32. h4 g6 33. Rec1 Kg7
34. Rc5 Rd8 35. Bf3 Nd6 36. Rd5 Rdd7 37. Rb1 Nb5 38. Rc5 Rc7 39. Rbc1 Rxc5 40.
Rxc5 Kf6 41. h5 g5 42. g4 f4 43. exf4 gxf4 44. Rf5+ Kg7 45. Rxf4 Nd6 46. Bd5 b5
47. Bb3 a5 48. g5 Ne4 49. gxh6+ Kxh6 50. Bc2 Nc3 51. Rf6+ Kxh5 52. Rc6 b4 53.
Rc5+ Kh6 54. Rxa5 Rd7 55. Kf3 Rxd4 56. Ke3 Rd5 57. Ra7 Kg5 58. f4+ Kf6 59. Bb3
Nd1+ 60. Ke4 Nc3+ 61. Kf3 Rd3+ 62. Kg4 Nd5 63. Bxd5 Rxd5 64. Rb7 b3 65. Rxb3
Ra5 66. Rb6+ Kf7 1/2-1/2

[Event "Schachbundesliga 2013/2014"]
[Site "?"]
[Date "2014.03.16"]
[Round "12.2"]
[White "Van Kampen, Robin"]
[Black "Rapport, Richard"]
[Result "1/2-1/2"]
[WhiteElo "2607"]
[BlackElo "2676"]
[PlyCount "134"]
[EventDate "2014.??.??"]
[WhiteClock "0:17:32"]
[BlackClock "0:29:11"]

1. e4 e6 2. d4 d5 3. Nc3 Bb4 4. e5 c5 5. a3 Bxc3+ 6. bxc3 Nc6 7. Qg4 g6 8. Bd2
Bd7 9. Nf3 c4 10. a4 f5 11. Qg3 Nge7 12. Bg5 Qb6 13. Be2 Qb2 14. Kd2 Nb4 15.
cxb4 c3+ 16. Ke3 f4+ 17. Qxf4 Nf5+ 18. Qxf5 exf5 19. Rhb1 h6 20. Bf4 Qxc2 21.
Bd3 Qxb1 22. Bxb1 g5 23. Bd3 Rg8 24. g3 Rc8 25. Ne1 gxf4+ 26. Kxf4 Rg4+ 27. Ke3
h5 28. f3 f4+ 29. gxf4 Rg1 30. b5 Ke7 31. f5 Rcg8 32. h4 a6 33. Kf4 Rh1 34. Nc2
Rxh4+ 35. Ke3 a5 36. e6 Bxe6 37. fxe6 Kxe6 38. Ra3 Rc8 39. Ra1 Kf6 40. Be2 Rh2
41. Kd3 h4 42. Ne3 c2 43. Rc1 Rh1 44. Nxd5+ Kf7 45. Rxh1 c1=Q 46. Rxc1 Rxc1 47.
f4 h3 48. Bf3 Rf1 49. Ke2 Ra1 50. Nb6 h2 51. Bxb7 Ke6 52. Be4 h1=Q 53. Bxh1
Rxh1 54. Kd3 Rd1+ 55. Kc3 Rf1 56. Nc4 Rf3+ 57. Kd2 Kd5 58. Nxa5 Kxd4 59. b6
Rxf4 60. b7 Rf2+ 61. Ke1 Rb2 62. Nc6+ Kc5 63. b8=Q Rxb8 64. Nxb8 Kb6 65. Nd7+
Ka5 66. Nc5 Kb4 67. Nd3+ Kxa4 1/2-1/2

[Event "Schachbundesliga 2013/2014"]
[Site "?"]
[Date "2014.03.16"]
[Round "12.3"]
[White "Buhmann, Rainer"]
[Black "Ernst, Sipke"]
[Result "1-0"]
[WhiteElo "2582"]
[BlackElo "2573"]
[PlyCount "75"]
[EventDate "2014.??.??"]
[WhiteClock "0:01:19"]
[BlackClock "0:04:45"]

1. Nf3 d5 2. d4 c6 3. c4 Nf6 4. e3 Bg4 5. h3 Bh5 6. Nc3 e6 7. g4 Bg6 8. Ne5
Nbd7 9. Nxg6 hxg6 10. g5 Ne4 11. Nxe4 dxe4 12. Qb3 Rb8 13. h4 f5 14. c5 Kf7 15.
Qa4 Be7 16. Rh3 Qc7 17. Bd2 b6 18. b4 a5 19. bxa5 bxc5 20. Rc1 cxd4 21. exd4
Qa7 22. Bc4 Bd6 23. Bb3 c5 24. Qc4 Rhe8 25. Bc3 cxd4 26. Qxd4 Qxd4 27. Bxd4
Bb4+ 28. Ke2 Bxa5 29. h5 gxh5 30. g6+ Ke7 31. Rc6 e5 32. Bb2 Rb6 33. Ba3+ Kd8
34. Rxb6 Bxb6 35. Rxh5 Nf6 36. Rxf5 Bd4 37. Rxf6 gxf6 38. g7 1-0

[Event "Schachbundesliga 2013/2014"]
[Site "?"]
[Date "2014.03.16"]
[Round "12.4"]
[White "Svane, Rasmus"]
[Black "Baramidze, David"]
[Result "1/2-1/2"]
[WhiteElo "2458"]
[BlackElo "2613"]
[PlyCount "150"]
[EventDate "2014.??.??"]
[WhiteClock "0:09:42"]
[BlackClock "0:20:20"]

1. c4 e6 2. Nc3 d5 3. d4 Nf6 4. cxd5 exd5 5. Bg5 c6 6. Qc2 Be7 7. e3 Nbd7 8.
Bd3 Nh5 9. Bxe7 Qxe7 10. O-O-O Nb6 11. Kb1 g6 12. Nf3 Ng7 13. Rhe1 O-O 14. e4
dxe4 15. Bxe4 Qf6 16. d5 cxd5 17. Nxd5 Nxd5 18. Rxd5 Re8 19. Rc1 Be6 20. Rc5
Rad8 21. Ka1 Bxa2 22. Kxa2 Qe6+ 23. Qc4 Qxe4 24. Qxe4 Rxe4 25. Rc7 Ne6 26. Rxb7
Re2 27. Rc6 Rxf2 28. Ne5 Rd5 29. Ng4 Ra5+ 30. Kb1 Rf4 31. Nh6+ Kf8 32. g3 Rf1+
33. Rc1 Ra1+ 34. Kxa1 Rxc1+ 35. Ka2 Rc7 36. Rb8+ Kg7 37. Ng4 f5 38. Ne3 Rd7 39.
Rb5 h5 40. Ra5 f4 41. gxf4 Nxf4 42. Ra6 Re7 43. Nc4 h4 44. Kb3 Kh6 45. Kc3 h3
46. Kd4 Ne6+ 47. Kc3 Ng5 48. Kd3 Nf3 49. Ne3 Rb7 50. Ke4 Ng5+ 51. Kf4 Kh5 52.
Nd5 Rxb2 53. Nf6+ Kh4 54. Ra4 Re2 55. Nh7 Rg2 56. Ke3+ Rg4 57. Rxa7 Re4+ 58.
Kd3 Rf4 59. Nxg5 Kxg5 60. Ke3 Rf1 61. Ra5+ Kh4 62. Ra4+ Kh5 63. Ke2 Rg1 64. Ra3
Rg2+ 65. Kf1 Rxh2 66. Kg1 Rg2+ 67. Kh1 Kg4 68. Ra4+ Kg5 69. Ra5+ Kh4 70. Rh5+
Kg4 71. Rh4+ Kf3 72. Rf4+ Ke2 73. Re4+ Kf1 74. Re1+ Kf2 75. Re2+ Kxe2 1/2-1/2

[Event "Schachbundesliga 2013/2014"]
[Site "?"]
[Date "2014.03.16"]
[Round "12.5"]
[White "Saric, Ivan"]
[Black "Ftacnik, Lubomir"]
[Result "1/2-1/2"]
[WhiteElo "2628"]
[BlackElo "2546"]
[PlyCount "58"]
[EventDate "2014.??.??"]
[WhiteClock "0:17:24"]
[BlackClock "0:12:48"]

1. e4 d6 2. d4 Nf6 3. Nc3 g6 4. f4 Bg7 5. Nf3 O-O 6. Bd3 Nc6 7. e5 dxe5 8. fxe5
Nh5 9. Be3 Bg4 10. Be2 f6 11. exf6 exf6 12. Qd2 Ne7 13. O-O Nf5 14. h3 Nxe3 15.
Qxe3 Re8 16. Qf2 Bxf3 17. Bxf3 f5 18. Rad1 Bh6 19. Rfe1 Nf4 20. Kh2 Rxe1 21.
Rxe1 Bg7 22. g3 Bxd4 23. Qf1 Nh5 24. Nd5 Kh8 25. Ne7 Bf6 26. Nxf5 gxf5 27. Bxh5
Qd6 28. Qxf5 Rg8 29. Qf4 Bxb2 1/2-1/2

[Event "Schachbundesliga 2013/2014"]
[Site "?"]
[Date "2014.03.16"]
[Round "12.6"]
[White "Heinemann, Thies"]
[Black "Ribli, Zoltan"]
[Result "0-1"]
[WhiteElo "2461"]
[BlackElo "2584"]
[PlyCount "72"]
[EventDate "2014.??.??"]
[WhiteClock "0:35:48"]
[BlackClock "0:03:21"]

1. e4 c5 2. Nf3 e6 3. d4 cxd4 4. Nxd4 Nc6 5. Nc3 Qc7 6. Be3 a6 7. f4 b5 8. Be2
Bb7 9. Nxc6 Bxc6 10. Bf3 Rc8 11. O-O b4 12. Ne2 Nf6 13. Ng3 h5 14. Qd4 h4 15.
Nh1 d5 16. e5 Ne4 17. Bxe4 dxe4 18. c4 bxc3 19. Qxc3 Be7 20. Nf2 O-O 21. Rfc1
Qb7 22. Qc2 Bd5 23. Qe2 Rxc1+ 24. Rxc1 Bxa2 25. Ra1 Bd5 26. Rxa6 Rc8 27. Ra1
Qb3 28. Nd1 Rc2 29. Qe1 g6 30. Rc1 Bb4 31. Nc3 Qxb2 32. Rxc2 Qxc2 33. Bd4 e3
34. Qe2 Qc1+ 35. Qf1 Qd2 36. Ne2 Bc4 0-1

[Event "Schachbundesliga 2013/2014"]
[Site "?"]
[Date "2014.03.16"]
[Round "12.7"]
[White "Banusz, Tamas"]
[Black "Van Delft, Merijn"]
[Result "1/2-1/2"]
[WhiteElo "2596"]
[BlackElo "2425"]
[PlyCount "56"]
[EventDate "2014.??.??"]
[WhiteClock "0:17:08"]
[BlackClock "0:30:02"]

1. Nf3 d5 2. d4 Nf6 3. c4 c6 4. Nc3 e6 5. g3 dxc4 6. Bg2 b5 7. Ne5 a6 8. a4 Bb7
9. O-O Be7 10. axb5 axb5 11. Rxa8 Bxa8 12. Nxb5 cxb5 13. Bxa8 O-O 14. Bg2 Qb6
15. e4 Nfd7 16. Nf3 Nc6 17. Be3 Nb4 18. d5 Bc5 19. dxe6 Qxe6 20. Bxc5 Nxc5 21.
Nd4 Qd7 22. Nf5 Qxd1 23. Rxd1 Nbd3 24. Nd6 Rb8 25. Ra1 g5 26. Ra5 Nxb2 27. Rxb5
Rxb5 28. Nxb5 g4 1/2-1/2

[Event "Schachbundesliga 2013/2014"]
[Site "?"]
[Date "2014.03.16"]
[Round "12.8"]
[White "Lampert, Jonas"]
[Black "Boguslavskyy, Oleg"]
[Result "1/2-1/2"]
[WhiteElo "2376"]
[BlackElo "2442"]
[PlyCount "55"]
[EventDate "2014.??.??"]
[WhiteClock "0:21:11"]
[BlackClock "0:23:18"]

1. e4 e5 2. Nf3 Nc6 3. Bb5 a6 4. Ba4 Nf6 5. O-O Be7 6. Re1 b5 7. Bb3 O-O 8. a4
b4 9. d4 d6 10. dxe5 dxe5 11. Nbd2 Bg4 12. h3 Bh5 13. g4 Bg6 14. Nc4 Bxe4 15.
Nfxe5 Qxd1 16. Rxd1 Rad8 17. Be3 h6 18. Nxc6 Bxc6 19. Ne5 Bd5 20. Bxd5 Rxd5 21.
Nc6 Bd6 22. Bd2 a5 23. Be3 Ra8 24. Bd4 Ra6 25. Nb8 Ra8 26. Nc6 Ra6 27. Nb8 Ra8
28. Nc6 1/2-1/2

[Event "Schachbundesliga 2013/2014"]
[Site "?"]
[Date "2014.03.16"]
[Round "12.1"]
[White "Landa, Konstantin"]
[Black "Mista, Aleksander"]
[Result "1/2-1/2"]
[WhiteElo "2640"]
[BlackElo "2584"]
[PlyCount "115"]
[EventDate "2014.??.??"]
[WhiteClock "0:44:09"]
[BlackClock "0:15:07"]

1. Nf3 d5 2. c4 e6 3. g3 Nf6 4. Bg2 d4 5. b4 Bxb4 6. Qa4+ Nc6 7. Ne5 Rb8 8. Ba3
Qd6 9. Nd3 a5 10. Bxb4 axb4 11. c5 Qe7 12. Nxb4 Bd7 13. Bxc6 bxc6 14. Na6 Rb7
15. Qxd4 e5 16. Qc4 Be6 17. Qc3 O-O 18. a3 Bd5 19. O-O Qd7 20. f3 Rb3 21. Qxe5
Bc4 22. Nb4 Re8 23. Qf4 Bxe2 24. Rf2 Nh5 25. Qg4 f5 26. Qxh5 Bxf3 27. Rxf3 g6
28. Qh4 Rxf3 29. Qc4+ Kg7 30. Kg2 Re4 31. Qa2 Rd3 32. Qb2+ Rdd4 33. d3 Re5 34.
Nc3 f4 35. Ne2 f3+ 36. Kxf3 Rxd3+ 37. Nxd3 Qxd3+ 38. Kf2 Qe3+ 39. Kf1 Kf7 40.
Qa2+ Ke7 41. Nf4 g5 42. Qe2 gxf4 43. Qxe3 Rxe3 44. Kf2 Rc3 45. gxf4 Rxc5 46. a4
Ra5 47. Ke3 Ke6 48. Ke4 h5 49. h4 Kf6 50. f5 Re5+ 51. Kd4 Ra5 52. Kc4 c5 53.
Kb3 Kxf5 54. Rg1 Ke6 55. Rg7 Kd6 56. Rh7 Kc6 57. Rh6+ Kb7 58. Rg6 1/2-1/2

[Event "Schachbundesliga 2013/2014"]
[Site "?"]
[Date "2014.03.16"]
[Round "12.2"]
[White "Schneider, Ilja"]
[Black "Fridman, Daniel"]
[Result "1/2-1/2"]
[WhiteElo "2514"]
[BlackElo "2602"]
[PlyCount "61"]
[EventDate "2014.??.??"]
[WhiteClock "0:51:18"]
[BlackClock "0:48:37"]

1. d4 d5 2. c4 e6 3. Nf3 Nf6 4. g3 Bb4+ 5. Bd2 Be7 6. Bg2 O-O 7. O-O c6 8. Qb3
b6 9. Nc3 Nbd7 10. Rfc1 Bb7 11. a4 c5 12. cxd5 Nxd5 13. Ne1 Nxc3 14. Bxc3 Bxg2
15. Nxg2 cxd4 16. Bxd4 Nc5 17. Bxc5 Bxc5 18. Nf4 Rc8 19. Nd3 Bd6 20. Rxc8 Qxc8
21. Rc1 Qd7 22. Qc4 Rd8 23. Qc6 Qxc6 24. Rxc6 Kf8 25. a5 bxa5 26. Ra6 Rd7 27.
Rxa5 Rb7 28. Kg2 Ke8 29. f4 Be7 30. Kf3 Bf6 31. Ra4 1/2-1/2

[Event "Schachbundesliga 2013/2014"]
[Site "?"]
[Date "2014.03.16"]
[Round "12.3"]
[White "Tregubov, Pavel V"]
[Black "Maksimenko, Andrei"]
[Result "1-0"]
[WhiteElo "2606"]
[BlackElo "2543"]
[PlyCount "117"]
[EventDate "2014.??.??"]
[WhiteClock "0:01:17"]
[BlackClock "0:29:39"]

1. d4 Nf6 2. c4 e6 3. Nf3 d5 4. e3 Be7 5. b3 c5 6. dxc5 Bxc5 7. Bb2 O-O 8. Nc3
Nc6 9. a3 Qe7 10. cxd5 Rd8 11. Be2 a6 12. b4 Ba7 13. O-O exd5 14. Na4 Bg4 15.
Rc1 Ne4 16. Nd4 Bxd4 17. Bxd4 Bxe2 18. Qxe2 Nxd4 19. exd4 Qf6 20. Rfd1 Rac8 21.
Nc5 Nxc5 22. dxc5 d4 23. Qf3 Qxf3 24. gxf3 Rd5 25. Kf1 Kf8 26. Rc4 d3 27. Ke1
b6 28. Kd2 bxc5 29. Re1 Rb8 30. Rxc5 Rxc5 31. bxc5 Rb5 32. Re5 f6 33. Rd5 Ke7
34. Kxd3 Rb3+ 35. Kc4 Rxa3 36. c6 Ra2 37. Rd7+ Ke6 38. Kc5 Rxf2 39. Rxg7 Rxh2
40. Kb6 h5 41. c7 Rb2+ 42. Kxa6 Rc2 43. Rh7 h4 44. Kb7 Rb2+ 45. Kc8 Rb4 46. Kd8
Rd4+ 47. Ke8 Rc4 48. Re7+ Kf5 49. Kd7 Rd4+ 50. Kc6 Rc4+ 51. Kd6 Rc2 52. Re4 h3
53. Rh4 Kg5 54. Rxh3 Rd2+ 55. Ke6 Re2+ 56. Kd7 Rd2+ 57. Kc8 f5 58. Rh8 Kf4 59.
Rf8 1-0

[Event "Schachbundesliga 2013/2014"]
[Site "?"]
[Date "2014.03.16"]
[Round "12.4"]
[White "Dann, Matthias"]
[Black "Berelowitsch, Alexander"]
[Result "1/2-1/2"]
[WhiteElo "2450"]
[BlackElo "2540"]
[PlyCount "81"]
[EventDate "2014.??.??"]
[WhiteClock "0:00:52"]
[BlackClock "0:45:44"]

1. e4 e6 2. d4 d5 3. Nc3 Nf6 4. Bg5 dxe4 5. Nxe4 Nbd7 6. Nxf6+ Nxf6 7. Nf3 h6
8. Bh4 c5 9. Bc4 cxd4 10. O-O Be7 11. Qe2 O-O 12. Rad1 Qb6 13. Nxd4 Qxb2 14.
Nf5 exf5 15. Qxe7 Be6 16. Bxe6 fxe6 17. Qxe6+ Kh8 18. Qxf5 Qxa2 19. Bg3 Rac8
20. Ra1 Qxc2 21. Qxc2 Rxc2 22. Rxa7 Rf7 23. Be5 Ng4 24. Bg3 Nf6 25. Be5 Ne4 26.
Bd4 Nc3 27. Bxc3 Rxc3 28. Ra2 b5 29. Rb2 Rb7 30. Rb4 Rc2 31. g3 Kh7 32. Rfb1
Rf7 33. f4 Rd7 34. Rxb5 Rdd2 35. Rh5 Kg6 36. Rh4 Re2 37. Rf1 Kf5 38. Rh5+ Kg6
39. Rh4 Kf6 40. f5 Kg5 41. Kh1 1/2-1/2

[Event "Schachbundesliga 2013/2014"]
[Site "?"]
[Date "2014.03.16"]
[Round "12.5"]
[White "Hausrath, Daniel"]
[Black "Lauber, Arnd"]
[Result "1-0"]
[WhiteElo "2532"]
[BlackElo "2443"]
[PlyCount "57"]
[EventDate "2014.??.??"]
[WhiteClock "0:13:08"]
[BlackClock "0:19:28"]

1. c4 e6 2. Nf3 Nf6 3. g3 d5 4. b3 c5 5. Bg2 Nc6 6. O-O d4 7. e3 e5 8. exd4
exd4 9. d3 h6 10. Re1+ Be7 11. Bf4 O-O 12. Ne5 Nxe5 13. Bxe5 Ng4 14. Bf4 g5 15.
Bc1 Bd6 16. Nd2 f5 17. b4 f4 18. bxc5 fxg3 19. hxg3 Bxc5 20. Bd5+ Kg7 21. Ne4
Qc7 22. Re2 Bf5 23. Nxc5 Qxc5 24. Qb3 Rfe8 25. Qxb7+ Kh8 26. Bb2 Rxe2 27. Qxa8+
Kg7 28. Qg8+ Kf6 29. Qf7+ 1-0

[Event "Schachbundesliga 2013/2014"]
[Site "?"]
[Date "2014.03.16"]
[Round "12.6"]
[White "Berndt, Stephan"]
[Black "Feygin, Michael"]
[Result "1/2-1/2"]
[WhiteElo "2441"]
[BlackElo "2512"]
[PlyCount "74"]
[EventDate "2014.??.??"]
[WhiteClock "0:02:59"]
[BlackClock "0:08:04"]

1. e4 e6 2. d4 d5 3. Nc3 Nf6 4. e5 Nfd7 5. f4 c5 6. Nf3 Nc6 7. Be3 Be7 8. Qd2
O-O 9. Be2 b6 10. O-O f6 11. exf6 Nxf6 12. Kh1 Bb7 13. Rad1 Rc8 14. Ne5 Nxd4
15. Bxd4 cxd4 16. Qxd4 Bc5 17. Qd3 Qe7 18. Qh3 g6 19. Bf3 Bb4 20. Ne2 Ba6 21.
c3 Bxe2 22. Bxe2 Bd6 23. Nd3 Ne4 24. Bf3 Rc4 25. Rde1 Bxf4 26. Bxe4 Rxe4 27.
Rxe4 dxe4 28. Rxf4 exd3 29. Rxf8+ Qxf8 30. Qxd3 Qf2 31. h3 Qxb2 32. Qd8+ Kf7
33. Qc7+ Kf6 34. Qf4+ Ke7 35. Qc7+ Ke8 36. Qc8+ Kf7 37. Qc7+ Kf6 1/2-1/2